Statistics for Song Lyrics: Rammstein - Keine Lust

Click here to take the quiz!

General Stats

  • This quiz has been taken 187 times
    (117 since last reset)
  • The average score is 168 of 203

Answer Stats

Text% Correct
Hab
100%
Hab'
100%
hab'
100%
Ich
100%
ich
100%
keine
99%
Lust,
99%
Lust.
99%
Lust
99%
zu
94%
habe
85%
kalt.
81%
kalt,
81%
Mir
81%
es
80%
ist
78%
mich
78%
so
77%
hätte
76%
mit
73%
großen
72%
Tieren.
71%
probieren.
70%
an
66%
nicht
65%
gehen.
62%
liegen
62%
liegen.
62%
riskieren.
62%
sehen.
59%
und
59%
die
58%
hassen.
57%
bin
56%
Fett
56%
Schnee
56%
im
54%
Nein,
54%
lange
53%
nackt
52%
anzufassen.
51%
bleibe
51%
erfrieren.
49%
vom
49%
einfach
48%
schon
48%
fasse
47%
Fliegen.
47%
wiegen.
47%
auszuziehen.
44%
etwas
42%
merke
42%
wieder
42%
zähle
41%
kauen,
39%
bald:
38%
denn
38%
Lustlos
38%
verdauen.
37%
onarnieren.
9%

Score Distribution

Percentile by Number Answered

Percent of People with Each Score

Your Score History

You have not taken this quiz since the last reset